Las llaves de la ciudad (Record no. 203737)

MARC details
000 -CABECERA
campo de control de longitud fija 01745cab a2200289 ab4500
005 - FECHA Y HORA DE LA ÚLTIMA TRANSACCIÓN
campo de control 20250304135322.0
008 - ELEMENTOS DE LONGITUD FIJA--INFORMACIÓN GENERAL
campo de control de longitud fija 991125c2017 sp fr poo 000 0 spa d
035 ## - NÚMERO DE CONTROL DEL SISTEMA
Número de control de sistema UPN01000231642
040 ## - FUENTE DE LA CATALOGACIÓN
Centro catalogador/agencia de origen MX-MxUPN
Lengua de catalogación spa
Centro/agencia transcriptor MX-MxUPN
Normas de descripción aacr2
049 ## - COLECCIÓN
Colección ART-E
100 1# - ASIENTO PRINCIPAL--NOMBRE PERSONAL
Nombre de persona Arruti, Carlos
Enlace - carlos@maushaus.info
100 1# - ASIENTO PRINCIPAL--NOMBRE PERSONAL
Nombre de persona Varona, Anabel
245 14 - MENCIÓN DE TÍTULO
Título Las llaves de la ciudad
Resto del título mecanismos para propiciar el cambio social
506 0# - NOTA DE RESTRICCIONES AL ACCESO
Limitaciones de acceso Acceso abierto
520 3# - NOTA DE RESUMEN, ETC.
Sumario, etc. La participación infantil en los procesos del diseño del medio ambiente construido, promete ser ya, uno de los retos y uno de los mayores agentes transformadores de los conceptos que actualmente rigen la planificación urbana. Mostramos a lo largo de este artículo cómo trabajar con la estructura de la realidad que nos circunda, para conocerla, comprenderla y aprender a jugar con su complejidad desde edades tempranas. Planteamos cómo operar hacia la recuperación lógica urbana, asegurando la interlocución y la participación de los estudiantes en las decisiones democráticas. Mostraremos también los resultados, que apuntan hacia una urbanidad más deseable para las personas y unos modelos de ciudad más lógicos y sostenibles que los actuales. RIEJS
653 0# - TERMINO DE INDIZACION - NO CONTROLADO
Término no controlado Diseño ambiental
653 0# - TERMINO DE INDIZACION - NO CONTROLADO
Término no controlado Participación infantil
653 0# - TERMINO DE INDIZACION - NO CONTROLADO
Término no controlado Planificación urbana
653 0# - TERMINO DE INDIZACION - NO CONTROLADO
Término no controlado Cambio social
653 0# - TERMINO DE INDIZACION - NO CONTROLADO
Término no controlado Creación artística
773 ## - ENLACE AL DOCUMENTO FUENTE/ENTRADA DE REGISTRO ANFITRIÓN
Parte(s) relacionada(s) Vol. 6, no. 1 (2017), p. 311-325
Título RIEJS: revista internacional de educación para la justicia social
Número Internacional Normalizado para Publicaciones Seriadas 2254-3139
856 4# - LOCALIZACIÓN Y ACCESO ELECTRÓNICOS
Identificador Uniforme del Recurso <a href="https://revistas.uam.es/riejs/article/view/7668/7957">https://revistas.uam.es/riejs/article/view/7668/7957</a>
856 4# - LOCALIZACIÓN Y ACCESO ELECTRÓNICOS
Identificador Uniforme del Recurso <a href="http://dx.doi.org/10.15366/riejs2017.6.1.018">http://dx.doi.org/10.15366/riejs2017.6.1.018</a>
902 ## - ELEMENTOS DE DATOS B LOCAL, LDB (RLIN)
Creó Leonor Sotres/040325
905 ## - TIPO DE MATERIAL
Tipo de material Articulo
942 ## - ELEMENTOS DE PUNTO DE ACCESO ADICIONAL (KOHA)
Tipo de ítem Koha Artículo Electrónico
Holdings
Estado de retiro Estado de pérdida Estado dañado No para préstamo Código de colección Localización permanente Ubicación/localización actual Ubicación en estantería Fecha de adquisición Total de préstamos Fecha visto por última vez Identificador Uniforme del Recurso Precio válido a partir de Tipo de ítem Koha
        Acceso abierto Bib. Gregorio Torres Quintero Bib. Gregorio Torres Quintero En línea 04/03/2025   04/03/2025 https://revistas.uam.es/riejs/article/view/7668/7957 04/03/2025 Artículo Electrónico